000 01126nam a2200325 i 4500
003 EG-GICUC
005 20260428090626.0
008 260428s1903 fr ||||fr|||| 001 0 fre d
040 _aEG-GiCUC
_bfre
_cEG-GiCUC
_dEG-GiCUC
_eRda
041 0 _afre
082 0 4 _221
_a343.9
_bPA
092 0 4 _221
099 _aLaw1 10 343.9 PA 1903
245 1 0 _aPandectes Francaises /
_cPublié Sous La Dirbotion De M. Riviere; Continus Hous La Dirbution De M. André Weiss, Par H. Frennelet.
264 1 _aParis :
_bLibrairie Maresco Aine;
_bLibrairie Plon,
_c1903
300 _a940 page :
_billustration ;
_c 24 cm.
336 _2rda contenu
_a texte
337 _2rda medias
_aOrdinateur
338 _2 transporteur rda
_a Ressource en ligne
504 _aBibliography: pages 200-250. 240-220
546 _aTexte en français
650 1 4 _aDroit pénal
_2qrmak
651 1 _2qrmak
700 1 _aRiviere, M
_eContributeur
700 1 _aFrennelet, H.
_eContributeur
700 1 _aWeiss, M. André
_eContributeur
856 4 0 _uhttps://fll.law.cu.edu.eg/fulltext/bks/B10-11589.pdf
905 _a48
942 _2ddc
_cBK
_e21
_n0
999 _c73762
_d73762